Library and information networking
Guardat en:
| Format: | Llibre |
|---|---|
| Idioma: | Undetermined |
| Publicat: |
New Delhi, India
Delnet
2002
|
| Matèries: | |
| Etiquetes: |
Afegir etiqueta
Sense etiquetes, Sigues el primer a etiquetar aquest registre!
|
| Thư viện lưu trữ: | Trung tâm Học liệu Trường Đại học Cần Thơ |
|---|
| LEADER | 00466nam a2200157Ia 4500 | ||
|---|---|---|---|
| 001 | CTU_52740 | ||
| 008 | 210402s9999 xx 000 0 und d | ||
| 082 | |a 025.04 | ||
| 082 | |b L697 | ||
| 245 | 0 | |a Library and information networking | |
| 245 | 0 | |c Edited by H. K. Kaul and M. D. Baby | |
| 260 | |a New Delhi, India | ||
| 260 | |b Delnet | ||
| 260 | |c 2002 | ||
| 650 | |a Information storage and retrieval systems | ||
| 980 | |a Trung tâm Học liệu Trường Đại học Cần Thơ | ||